00920cam a22003254i 4500003000900000005001700009008004100026035001900067040003300086082001900119100003400138245004100172264003500213300002800248336002100276337002500297338002300322505015300345526001000498526001000508526001000518526001000528526000800538526000800546526000800554526000800562526000800570526000800578526000800586PE-LiUPU20250731173208.0150625s r 000 0 d a(Sirsi) a31675 aPE-LiUPUbspacPE-LiUPUerda04a221.6bM482211 aFreedman, David Noel,eautor.14aThe Word Of The Lord Shall Go Forth. 1aIndiana :bEisenbrauns,c1983. a742 páginas ;c23 cm. atext2rdacontent aunmediated2rdamedia avolume2rdacarrier0 aHebrew Poetry and Prophecy. -The Prose of the Hebrew bible. -History and Instituciones of Israel. -Northwest semitic epigraphy. -Other perspectives. aSEG42 aSEG41 aSEG40 aSEG39 aP94 aP87 aP86 aP85 aP77 aP76 aP35